书目信息 |
| 题名: |
金属工艺学
|
|
| 作者: | 谢乐林 主编 | |
| 分册: | ||
| 出版信息: | 成都 电子科技大学出版社 2013 |
|
| 页数: | 263页 | |
| 开本: | 24cm | |
| 丛书名: | ||
| 单 册: | ||
| 中图分类: | TG | |
| 科图分类: | ||
| 主题词: | 金属加工--工艺学 , 金属加工 , 工艺学 | |
| 电子资源: | ||
| ISBN: | 978-7-5647-1411-6 | |
| 000 | 00926nam0 2200253 450 | |
| 001 | 012015000707 | |
| 005 | 20150914103601.90 | |
| 010 | @a978-7-5647-1411-6@dCNY52.00 | |
| 100 | @a20140429d2013 em y0chiy50 ea | |
| 101 | 0 | @achi |
| 102 | @aCN@b510000 | |
| 105 | @aa z 000yy | |
| 106 | @ar | |
| 200 | 1 | @a金属工艺学@Ajin shu gong yi xue@f谢乐林主编 |
| 210 | @a成都@c电子科技大学出版社@d2013 | |
| 215 | @a263页@c图@d24cm | |
| 330 | @a本书分为3大篇共16章另加附录,内容包括:材料的力学性能、金属材料的基础知识、铁碳合金、钢的热处理及表面强化技术、合金钢、铸铁、其他金属材料及金属的防护、非金属材料、材料及热处理的应用、铸造、锻压、焊接、机械零件毛坯的选择、金属切削基础知识、金属切削加工方法、机械零件制造工艺基础等。 | |
| 606 | 0 | @a金属加工@x工艺学 |
| 606 | 0 | @a金属加工 |
| 606 | 0 | @a工艺学 |
| 690 | @aTG@v5 | |
| 701 | 0 | @a谢乐林@Axie le lin@4主编 |
| 801 | 0 | @aCN@b碧洲教育@c20150718 |
| 905 | @a10447@f4@dTG@e11 | |
| 金属工艺学/谢乐林主编.-成都:电子科技大学出版社,2013 |
| 263页:图;24cm |
| ISBN 978-7-5647-1411-6:CNY52.00 |
| 本书分为3大篇共16章另加附录,内容包括:材料的力学性能、金属材料的基础知识、铁碳合金、钢的热处理及表面强化技术、合金钢、铸铁、其他金属材料及金属的防护、非金属材料、材料及热处理的应用、铸造、锻压、焊接、机械零件毛坯的选择、金属切削基础知识、金属切削加工方法、机械零件制造工艺基础等。 |
| ● |
| 相关链接 |
|
|
|
|
正题名:金属工艺学
索取号:TG/11
 
预约/预借
| 序号 | 登录号 | 条形码 | 馆藏地/架位号 | 状态 | 备注 |
| 1 | 0848355 | 208483559 | 第二样本阅览室/ [索取号:TG/11] | 在馆 | |
| 2 | 0848356 | 208483568 | 第三借阅区/ [索取号:TG/11] | 在馆 | |
| 3 | 0848357 | 208483577 | 第三借阅区/ [索取号:TG/11] | 在馆 | |
| 4 | 0848358 | 208483586 | 密集书库-化学系/ [索取号:TG/11] | 在馆 |